Language Quiz

Random Language or Letter Quiz

3-Letter Word Beginnings Quiz Stats

 Plays Quiz Updated Feb 24, 2020

Support Sporcle.
Go Orange.
Score 0/20 Timer 06:00
0 Plays Today
Word Endings Word Beginning % Correct
-tomime, -creas, -derpan-
93%
-stle, -logize, -calypseapo-
89.9%
-gerous, -delion, -dydan-
88.1%
-ite, -el, -ruciatingexc-
87.6%
-oit, -enaline, -iftadr-
84.7%
-age, -tunate, -estfor-
83.2%
-liards, -low, -gebil-
82.7%
-ergo, -ue, -erlyingund-
82.5%
-ahawk, -ato, -cattom-
80.1%
-zipan, -vel, -tianmar-
79.4%
Word Endings Word Beginning % Correct
-ction, -mentary, -ctricele-
79.2%
-nings, -dow, -terwin-
70.7%
-gram, -duct, -gresspro-
67.7%
-edom, -sco, -cklefre-
67.4%
-onish, -ire, -itadm-
61.5%
-penstance, -less, -loidhap-
61.2%
-ctity, -dbox, -dalsan-
55%
-wing, -und, -ggygro-
54.9%
-get, -nish, -ragontar-
49.5%
-ate, -ament, -eryorn-
40.8%

You're not logged in!

Compare scores with friends on all Sporcle quizzes.
OR
Log In

From the Vault

LOTR: Sméagol-Gollum 'Monologue' - Movie Version

by needapausebutton

Filthy little Academy. They stole the Oscar from us, precious.
Remove Ads.
Support Sporcle.
Get the best of Sporcle when you Go Orange. This ad-free experience offers more features, more stats, and more fun while also helping to support Sporcle. Thank you for becoming a member.

Show Comments

Extras

Top Quizzes Today


Score Distribution

Your Account Isn't Verified!

In order to create a playlist on Sporcle, you need to verify the email address you used during registration. Go to your Sporcle Settings to finish the process.

Report this User

Report this user for behavior that violates our Community Guidelines.

Details: